Kybernetická bezpečnosť ako súčasť IT Governance
Bezpečnostná politika ako základ pre zachovanie informačnej bezpečnosti. Základné problémy, ktoré firmy musia riešiť v rámci informačnej bezpečnosti. Čiastkové výstupy niekoľkoročného výskumu, ktorý mapuje vývoj informačnej bezpečnosti v malých a stredných podnikoch na Slovensku. Hlavné nedostatky a...
Uložené v:
| Hlavný autor: | |
|---|---|
| Médium: | Kapitola |
| Jazyk: | Slovak |
| Predmet: | |
| Tagy: |
Žiadne tagy, Buďte prvý, kto otaguje tento záznam!
|
MARC
| LEADER | 00000naa$a2200000$$$4500 | ||
|---|---|---|---|
| 001 | 0260745 | ||
| 005 | 20240502074131.3 | ||
| 041 | 0 | |a slo | |
| 044 | |a SK | ||
| 245 | 1 | 0 | |a Kybernetická bezpečnosť ako súčasť IT Governance |c Benita Beláňová |
| 520 | |a Bezpečnostná politika ako základ pre zachovanie informačnej bezpečnosti. Základné problémy, ktoré firmy musia riešiť v rámci informačnej bezpečnosti. Čiastkové výstupy niekoľkoročného výskumu, ktorý mapuje vývoj informačnej bezpečnosti v malých a stredných podnikoch na Slovensku. Hlavné nedostatky a identifikácia vlastnosti podniku, s ktorou nedostatky súvisia. Nástroje kybernetickej bezpečnosti používané podnikmi SR. | ||
| 610 | 2 | 0 | |a technológie informačné |
| 610 | 2 | 0 | |a technológie komunikačné |
| 610 | 2 | 0 | |a bezpečnosť informačná |
| 610 | 2 | 0 | |a bezpečnosť kybernetická |
| 610 | 2 | 0 | |a podnik malý |
| 610 | 2 | 0 | |a podnik stredný |
| 100 | 1 | |a Beláňová, Benita, 1973- | |